Ve světě uhlí nekončí.

Budúcnosť uhoľného priemyslu v Európe. Stabilný rozvoj svetového trhu uhlia a jeho dobré dlhodobé perspektívy. Geografia uhlia. Ťažba čierneho a hnedého uhlia vo vybraných oblastiach a krajinách v r. 1973-1991. Štruktúra dopytu po uhlí v krajinách OECD.

Gespeichert in:
Bibliographische Detailangaben
1. Verfasser: Fialová, H.
Weitere Verfasser: Majer, P.
Format: Buchkapitel
Sprache:Tschechisch
Schlagworte:
Tags: Tag hinzufügen
Keine Tags, Fügen Sie das erste Tag hinzu!

MARC

LEADER 00000naa a2200000 4500
001 r013165
005 20221205075727.0
041 0 |a cze 
044 |a CZ 
245 1 0 |a Ve světě uhlí nekončí.  |c H. Fialová, P. Majer 
520 |a Budúcnosť uhoľného priemyslu v Európe. Stabilný rozvoj svetového trhu uhlia a jeho dobré dlhodobé perspektívy. Geografia uhlia. Ťažba čierneho a hnedého uhlia vo vybraných oblastiach a krajinách v r. 1973-1991. Štruktúra dopytu po uhlí v krajinách OECD. 
610 2 0 |a priemysel ťažobný 
610 2 0 |a uhlie 
610 2 0 |a Európa 
610 2 0 |a trh 
610 2 0 |a 1973-1991 
610 2 0 |a OECD 
610 2 0 |a dopyt 
100 1 |a Fialová, H. 
700 1 |a Majer, P.